00779nam a2200181 a 4500008004100000020001800041050001600059100002000075245007300095250001200168260002700180300002200207350000900229650001500238995018000253999001700433952014700450150824s1993 ||||||||||||||||| || u a9780801664656 aQP 34.5 Phy aBerne, Robert M10aPhysiology. (3rd ed.)cedited by Robert M. Berne and Matthew N. Levy a3rd ed. aSt. LouisbMosbyc1993 axiv, 1071p. :ill. a0.71 aPHYSIOLOGY aMICHAEL CHILUFYA SATA OPEN ACCESSe903072FCBU-SCHOOL OF MEDICINE LIBRARY (Ndola)I0.71jQP 34.5 PhyM1UAVAILABLEWSep 7, 2015y903072ZMedical Library Open Access Collection c32385d32385 00102lcc4070a002b002cMedical Library Open Access Collectiond2022-11-30l2oQP 34.5 Phyp903072r2025-05-05s2025-04-25w2022-11-30y002